Hidden criminality: theoretical and methodological problems, empirical results

Gespeichert in:  
Bibliographische Detailangaben
1. VerfasserIn: Persson, Leif G. W. 1945- (Verfasst von)
Medienart: Druck Buch
Sprache:Englisch
Veröffentlicht: Stockholm Dept. of Sociology, Univ. 1980
In:Jahr: 1980
Bestand in Tübingen:In Tübingen vorhanden.
UB: 20 A 10425
Verfügbarkeit prüfen: HBZ Gateway
Subito Bestelldienst: Jetzt bestellen.
Schlagwörter:

MARC

LEADER 00000cam a22000002c 4500
001 1090249772
003 DE-627
005 20220514122433.0
007 tu
008 900423s1980 xx ||||| m 00| ||eng c
035 |a (DE-627)1090249772 
035 |a (DE-576)020249772 
035 |a (DE-599)BSZ020249772 
035 |a (OCoLC)186008320 
040 |a DE-627  |b ger  |c DE-627  |e rakwb 
041 |a eng 
100 1 |a Persson, Leif G. W.  |d 1945-  |0 (DE-588)129753505  |0 (DE-627)479156719  |0 (DE-576)164808671  |4 aut 
109 |a Persson, Leif G. W. 1945-  |a Persson, Leif GW 1945-  |a Persson, Leif Gustav Willy 1945- 
245 1 0 |a Hidden criminality  |b theoretical and methodological problems, empirical results  |c Leif G. W. Persson 
264 1 |a Stockholm  |b Dept. of Sociology, Univ.  |c 1980 
300 |a Getr. Seitenz. 
336 |a Text  |b txt  |2 rdacontent 
337 |a ohne Hilfsmittel zu benutzen  |b n  |2 rdamedia 
338 |a Band  |b nc  |2 rdacarrier 
502 |a Zugl. : Stockholm, Univ., Diss., 1980 
583 1 |a Archivierung prüfen  |c 20200919  |f DE-640  |z 1  |2 pdager 
655 7 |a Hochschulschrift  |0 (DE-588)4113937-9  |0 (DE-627)105825778  |0 (DE-576)209480580  |2 gnd-content 
951 |a BO 
ELC |b 1 
LOK |0 000 xxxxxcx a22 zn 4500 
LOK |0 001 2143791461 
LOK |0 003 DE-627 
LOK |0 004 1090249772 
LOK |0 005 19960210000000 
LOK |0 008 900423||||||||||||||||ger||||||| 
LOK |0 040   |a DE-21  |c DE-627  |d DE-21 
LOK |0 852   |a DE-21 
LOK |0 852 1  |c 20 A 10425  |9 00 
LOK |0 935   |a krim 
LOK |0 936ln  |0 1289062722  |a 6.3.3 
LOK |0 939   |a 23-04-90  |b l01 
ORI |a SA-MARC-krimdoka001.raw 
SIG |a UB: 20 A 10425